000
00293nam a2200145Ia 4500
100
_a
Palumbo G/ Pennisi/S
942
_c
BK
366
_f
20
245
_a
Feedback Amplifiers
260
_b
Springer
_c
2002
082
_a
621.381 535
_b
PAL
300
_a
262
546
_a
ENGLISH
999
_c
30384
_d
30384